[Event "Fredrikstad Hostturnering"]
[Site "Fredrikstad"]
[Date "2002.09.04"]
[Round "1"]
[White "Saether, Steinar"]
[Black "Nilsen, Roy Tore"]
[Result "0-1"]
[WhiteElo "1586"]
[BlackElo "1585"]
[PlyCount "76"]
[EventDate "2002.09.??"]
[EventType "swiss"]
[EventRounds "9"]
[EventCountry "NOR"]
[SourceTitle "EXT 2005"]
[Source "ChessBase"]
[SourceDate "2004.11.15"]
[SourceVersion "1"]
[SourceVersionDate "2004.11.15"]
[SourceQuality "1"]

1. e4 e6 2. d4 d5 3. Nc3 Nf6 4. Bg5 Be7 5. e5 Nfd7 6. Bxe7 Qxe7 7. Qg4 0-0 8. f4 a6 9. Nf3 f5 10. Qh3 c5 11. dxc5 Nxc5 12. 0-0-0 Ne4 13. Nxe4 fxe4 14. Nd4 Rxf4 15. Be2 Nc6 16. Bg4 Nxd4 17. Rxd4 Rf8 18. Kb1 b5 19. Qg3 Kh8 20. h4 Qf7 21. Rdd1 Bd7 22. Qh3 Qe7 23. Rhf1 Rxf1 24. Rxf1 Rf8 25. g3 Rxf1+ 26. Qxf1 d4 27. Qf4 Bc6 28. Bxe6 Qxe6 29. Qf8+ Qg8 30. Qd6 Bd5 31. Qxa6 e3 32. Qxb5 Bc4 33. Qb4 d3 34. cxd3 Bxd3+ 35. Ka1 Qc8 36. a4 e2 37. h5 Qc1+ 38. Ka2 Qc4+ 0-1

[Event "Fredrikstad CC-ch"]
[Site "Fredrikstad"]
[Date "2002.04.03"]
[Round "9"]
[White "Ludvigsen, Jan Helge"]
[Black "Nilsen, Roy Tore"]
[Result "1/2-1/2"]
[WhiteElo "1563"]
[BlackElo "1579"]
[PlyCount "94"]
[EventDate "2002.01.??"]
[EventType "swiss"]
[EventRounds "11"]
[EventCountry "NOR"]
[SourceTitle "EXT 2005"]
[Source "ChessBase"]
[SourceDate "2004.11.15"]
[SourceVersion "1"]
[SourceVersionDate "2004.11.15"]
[SourceQuality "1"]

1. d4 d5 2. Nf3 e6 3. e3 c5 4. c3 a6 5. Bd3 Nc6 6. Nbd2 Nf6 7. Ne5 Nxe5 8. dxe5 Nd7 9. f4 b5 10. 0-0 g6 11. Qe1 Bb7 12. Qg3 Qc7 13. Nf3 0-0-0 14. a4 c4 15. Bc2 b4 16. cxb4 Bxb4 17. Bd2 Bxd2 18. Nxd2 Nc5 19. Rfc1 Qa5 20. Nf3 Kb8 21. Nd4 Rc8 22. Qf2 Rc7 23. Qe2 Rhc8 24. Qd1 Qb4 25. Rcb1 Ne4 26. Bxe4 dxe4 27. Ne2 Qe7 28. Qe1 g5 29. Qg3 gxf4 30. Qxf4 Rg8 31. Rd1 h5 32. h3 Qg5 33. Qxg5 Rxg5 34. Rd4 Rxe5 35. Rc1 Bd5 36. Nf4 Rc5 37. b3 c3 38. b4 Rc7 39. b5 axb5 40. axb5 Kb7 41. Rb4 Kb6 42. Ne2 Bc4 43. Nxc3 Bxb5 44. Na4+ Ka5 45. Rxb5+ Rxb5 46. Rxc7 Kxa4 47. Rxf7 Kb4 1/2-1/2

[Event "Fredrikstad CC-ch"]
[Site "Fredrikstad"]
[Date "2002.03.06"]
[Round "7"]
[White "Andersen, Harry"]
[Black "Nilsen, Roy Tore"]
[Result "1-0"]
[WhiteElo "1738"]
[BlackElo "1579"]
[PlyCount "83"]
[EventDate "2002.01.??"]
[EventType "swiss"]
[EventRounds "11"]
[EventCountry "NOR"]
[SourceTitle "EXT 2005"]
[Source "ChessBase"]
[SourceDate "2004.11.15"]
[SourceVersion "1"]
[SourceVersionDate "2004.11.15"]
[SourceQuality "1"]

1. e4 e6 2. d4 d5 3. Nc3 Nf6 4. e5 Nfd7 5. Qg4 c5 6. Nf3 cxd4 7. Nb5 Nc6 8. Nd6+ Bxd6 9. Qxg7 Bxe5 10. Nxe5 Qf6 11. Qxf6 Nxf6 12. Bg5 Ne4 13. Bf4 f6 14. Nd3 Ng5 15. 0-0-0 0-0 16. h4 Nf7 17. Be2 e5 18. Bd2 b6 19. g4 Ba6 20. Rde1 e4 21. Nf4 Bxe2 22. Rxe2 Rad8 23. Nh5 Rd6 24. Bf4 Re6 25. g5 fxg5 26. hxg5 Rc8 27. Nf6+ Rxf6 28. gxf6 Nce5 29. Kb1 d3 30. cxd3 Nxd3 31. Be3 Rc6 32. Bd4 Rc4 33. Rg1+ Kf8 34. Rc2 Rxc2 35. Kxc2 h6 36. Be3 Nb4+ 37. Kc3 Nc6 38. Rd1 d4+ 39. Bxd4 Nxd4 40. Kxd4 Ng5 41. Ke5 Kf7 42. Rd7+ 1-0

[Event "Fredrikstad CC-ch"]
[Site "Fredrikstad"]
[Date "2002.02.13"]
[Round "5"]
[White "Saether, Lars"]
[Black "Nilsen, Roy Tore"]
[Result "0-1"]
[WhiteElo "1582"]
[BlackElo "1579"]
[PlyCount "80"]
[EventDate "2002.01.??"]
[EventType "swiss"]
[EventRounds "11"]
[EventCountry "NOR"]
[SourceTitle "EXT 2005"]
[Source "ChessBase"]
[SourceDate "2004.11.15"]
[SourceVersion "1"]
[SourceVersionDate "2004.11.15"]
[SourceQuality "1"]

1. d4 d5 2. Nf3 c5 3. Nc3 e6 4. e3 Nf6 5. Be2 Nc6 6. 0-0 a6 7. b3 b5 8. dxc5 Bxc5 9. Bb2 Bb7 10. a4 b4 11. Na2 Rc8 12. Bd3 0-0 13. Qe2 a5 14. Rfd1 Qe7 15. Rac1 Rfd8 16. c4 dxc4 17. Bxc4 Rxd1+ 18. Rxd1 Rd8 19. Bd3 e5 20. Bb1 Re8 21. Rc1 e4 22. Nd2 Ne5 23. Qb5 Bd6 24. Bd4 Nfg4 25. h3 Nf6 26. Qxa5 Nc6 27. Qb6 Nd5 28. Qb5 Nxd4 29. exd4 e3 30. Qd3 exf2+ 31. Kxf2 Qh4+ 32. Kg1 Nf4 33. Qb5 Ne2+ 34. Kf1 Bxg2+ 35. Kxg2 Qg3+ 36. Kf1 Qxh3+ 37. Ke1 Bg3+ 38. Kd1 Qh1+ 39. Nf1 Qxf1+ 40. Kd2 Bf4+ 0-1

[Event "Fredrikstad CC-ch"]
[Site "Fredrikstad"]
[Date "2001.01.17"]
[Round "2"]
[White "Nilsen, Roy Tore"]
[Black "Ludvigsen, Jan Helge"]
[Result "0-1"]
[WhiteElo "1600"]
[BlackElo "1500"]
[PlyCount "48"]
[EventDate "2001.01.??"]
[EventType "swiss"]
[EventRounds "8"]
[EventCountry "NOR"]
[SourceTitle "EXT 2005"]
[Source "ChessBase"]
[SourceDate "2004.11.15"]
[SourceVersion "1"]
[SourceVersionDate "2004.11.15"]
[SourceQuality "1"]

1. d4 d5 2. Nf3 e6 3. c4 c6 4. e3 Nf6 5. a3 Nbd7 6. Nc3 Bd6 7. Qc2 0-0 8. b4 Qe7 9. cxd5 exd5 10. Bd3 a6 11. 0-0 Re8 12. Bb2 Ne4 13. Nd2 Ndf6 14. Ncxe4 dxe4 15. Be2 Ng4 16. Bxg4 Bxg4 17. Rfe1 Qh4 18. Nf1 Re6 19. Ng3 Rh6 20. h3 Bxh3 21. gxh3 Qxh3 22. Qxe4 Bxg3 23. fxg3 Qh2+ 24. Kf1 Rf6+ 0-1

[Event "Hostturnering"]
[Site "Fredrikstad"]
[Date "1993.??.??"]
[Round "2"]
[White "Danielsen, Kjell Arild"]
[Black "Nilsen, Roy Tore"]
[Result "0-1"]
[WhiteElo "1500"]
[BlackElo "1600"]
[PlyCount "68"]
[EventDate "1993.??.??"]
[EventType "swiss"]
[EventRounds "9"]
[EventCountry "NOR"]
[SourceTitle "EXT 2006"]
[Source "ChessBase"]
[SourceDate "2005.11.24"]
[SourceVersion "1"]
[SourceVersionDate "2005.11.24"]
[SourceQuality "1"]

1. e4 e6 2. d4 d5 3. Nc3 Nf6 4. e5 Nfd7 5. Nf3 a6 6. Bd3 c5 7. Be3 Nc6 8. Be2 cxd4 9. Bxd4 Qc7 10. 0-0 Ndxe5 11. Nxe5 Nxe5 12. Re1 Nc6 13. Bf3 Ne7 14. Bh5 Rg8 15. Bxf7+ Kxf7 16. Qh5+ Ng6 17. Re3 Rh8 18. Nxd5 Qd8 19. Nb6 Qxd4 20. Nxa8 Be7 21. Nc7 Qd6 22. Rc3 Bf6 23. Rd1 Qb6 24. Na8 Qxb2 25. Rc7+ Be7 26. Qc5 Rd8 27. Re1 Bd7 28. Qe3 Qxa2 29. Nb6 Bc6 30. c4 e5 31. Nc8 Qa5 32. Nb6 Kg8 33. Rb1 Bc5 34. Qb3 Qxb6 0-1